رحلة ابن جبير. (Record no. 14250)
[ view plain ]
| 000 -الفاتح | |
|---|---|
| حقل البيانات ثابتة الطول | 00937nam a2200253 i 4500 |
| 003 - محدد رقم الضبط | |
| رقم الضبط | EG-ScBUE |
| 005 - وقت وتاريخ اخر تعامل مع التسجيلة | |
| رقم الضبط | 20231120111450.0 |
| 008 - عناصر البيانات ثابتة الطول - معلومات عامة | |
| حقل البيانات ثابتة الطول | 100628s1964 le af 001 0 ara d |
| 040 ## - مصدر الفهرسة | |
| وكالة الفهرسة الأصلية | EG-ScBUE |
| لغة الفهرسة | ara |
| قواعد الوصف | rda |
| وكالة النسخ | EG-ScBUE |
| وكالة التعديل | EG-ScBUE |
| 082 04 - رقم تصنيف ديوى العشرى | |
| رقم الطبعة | 22 |
| رقم المادة | ج ب ي |
| رقم التصنيف | 910.41 |
| 100 1# - المدخل الرئيسى - إسم شخصى | |
| 9 (RLIN) | 15334 |
| الإسم الشخصى | ابن جبير، محمد بن أحمد، |
| التواريخ المصاحبة للاسم | 540-614 هـ.، |
| الدور | مؤلف. |
| 245 10 - بيان العنوان | |
| العنوان | رحلة ابن جبير. |
| 264 #1 - النشر، التوزيع | |
| مكان الناشر او الموزع | بيروت : |
| اسم الناشر او الموزع | دار صادر للطباعة والنشر : |
| -- | دار بيروت للطباعة والنشر، |
| تاريخ النشر أو التوزيع | 1964. |
| 300 ## - الوصف المادى | |
| التعداد | 341 صفحة ؛ |
| أبعاد الوعاء | 24 سم |
| 336 ## - نوع المحتوى | |
| source | rdacontent |
| Carrier Type Term | نص |
| Content Type Code | txt |
| 337 ## - نوع الوسيط | |
| Media Type Term | بدون وسيط |
| source | rdamedia |
| Media Type Code | n |
| 338 ## - نوع الحامل أو الناقل | |
| Carrier Type Term | مجلد |
| Carrier Type Code | nc |
| source | rdacarrier |
| 500 ## - تبصرة عامة | |
| تبصرة عامة | يشتمل علي كشافات. |
| 541 ## - تبصرة المصدر المباشر للتزويد | |
| مصدر التزويد | ألف باء ؛ |
| طريقة التزويد | شراء ؛ |
| 650 #7 - المدخل الاضافى بالموضوع-مصطلح موضوعى | |
| مصطلح موضوعي أو اسم جغرافي كعنصر مدخل | الرحلات. |
| مصدر الرأس أو المصطلح | BUEsh |
| 650 #7 - المدخل الاضافى بالموضوع-مصطلح موضوعى | |
| مصطلح موضوعي أو اسم جغرافي كعنصر مدخل | الرحالة العرب. |
| مصدر الرأس أو المصطلح | BUEsh |
| 655 ## - مصطلح تكشيفى-نوع/شكل | |
| التقسيم الفرعي الشكلي | Reading book |
| 942 ## - عناصر المدخل الإضافي( كوها) | |
| مصدر التصنيف او مخطط الترفيف | Dewey Decimal Classification |
| Koha [default] item type | Book - Borrowing |
| حالة التراجع | حالة الفقد | مصدر التصنيف او خطة الترفيف | حالة تلف | ليس للاعارة | مجموعات كوها | المكان الدائم | المكان الحالي | موقع الترفيف | تاريخ الاكتساب | Source of acquisition | رقم الاستدعاء | الباركود | Date last seen | نوع الوعاء |
|---|---|---|---|---|---|---|---|---|---|---|---|---|---|---|
| Dewey Decimal Classification | Baccah | Central Library | Central Library | Second Floor | 28/06/2010 | Purchase | 910.41 ج ب ي | 000021104 | 15/07/2025 | Book - Borrowing |